Diario público, 1966-1968 /
El escritor tapatío reunió en este volumen –previas relectura y corrección- las colaboraciones que publicara con el epígrafe de Diario Público en la sección Diorama de la Cultura, del diario capitalino Excélsior, durante los años 1966-1968. El resultado, a su decir, es un diario híbrido, en el que c...
Shranjeno v:
| Glavni avtor: | |
|---|---|
| Format: | Knjiga |
| Jezik: | španščina |
| Izdano: |
México :
CONACULTA,
2005, c2005
|
| Serija: | (Memorias Mexicanas)
|
| Teme: | |
| Oznake: |
Brez oznak, prvi označite!
|
MARC
| LEADER | 00000nam^a2200000^a^4500 | ||
|---|---|---|---|
| 001 | 000187330 | ||
| 005 | 20250521000000.0 | ||
| 009 | 20260310102258.049 | ||
| 020 | |a 970-35-0791-3 | ||
| 037 | |a Acervo ITESO - Biblioteca | ||
| 041 | |a ESP | ||
| 082 | |a 860. 92 |b CAR | ||
| 100 | |a Carballo, Emmanuel |e (autor) | ||
| 245 | 1 | 0 | |a Diario público, 1966-1968 / |c E. Carballo. |
| 264 | 4 | |a México : |b CONACULTA, |c 2005, c2005 | |
| 300 | |a 563 p. | ||
| 336 | |a texto |b txt |2 rdacontenido | ||
| 337 | |a sin mediación |b n |2 rdamedio | ||
| 338 | |a volumen |b nc |2 rdasoporte | ||
| 440 | 1 | |a (Memorias Mexicanas) | |
| 520 | |a El escritor tapatío reunió en este volumen –previas relectura y corrección- las colaboraciones que publicara con el epígrafe de Diario Público en la sección Diorama de la Cultura, del diario capitalino Excélsior, durante los años 1966-1968. El resultado, a su decir, es un diario híbrido, en el que concurren las memorias y el ensayo, la crónica, la entrevista y las cartas, la crítica y la historia literaria. | ||
| 545 | 0 | |a Emmanuel Carballo (Guadalajara, 1929 – Ciudad de México, 2014), escritor y crítico literario jalisciense. Fundador y director general de Editorial Diógenes desde 1966. Codirigió, junto con Carlos Fuentes, la Revista Mexicana de Literatura, y colaboró en las principales publicaciones literarias mexicanas del siglo XX. Algunos de sus títulos más relevantes son los poemarios Amor se llama (1951) y Eso es todo (1969), el volumen de cuentos Gran estorbo la esperanza (1954), las colecciones de entrevistas Diecinueve protagonistas de la literatura mexicana del siglo XX (1965) y Protagonistas de la literatura hispanoamericana del siglo XX (1987), la antología La narrativa mexicana de 1910 a 1969 (1979), sus Notas de un francotirador (1990), Historia de las letras mexicanas en el siglo XIX (1990), Ya nada es igual: memorias, 1929-1953 (1994) y Diario público, 1966-1968 (2005). Recibió la Medalla José María Vigil al Mérito Literario (1956), otorgado por el gobierno de su estado natal, el Premio Jalisco de Literatura (1990) y el Premio Nacional de Ciencias y Artes, categoría Lingüística y Literatura (2006), entre otros galardones. | |
| 586 | |a Premio Nacional de Ciencias y Artes, categoría Lingüística y Literatura (57°: 2006): Memorias | ||
| 649 | |a XX | ||
| 650 | |a Escritores Jaliscienses - |x Memorias | ||
| 650 | |a Escritores Mexicanos - |x Memorias | ||
| 650 | |a Memorias Jaliscienses | ||
| 650 | |a Memorias Mexicanas | ||
| 650 | |a Artículos Periodísticos Jaliscienses | ||
| 650 | |a Artículos Periodísticos Mexicanos | ||
| 650 | |a Ensayos Jaliscienses | ||
| 650 | |a Ensayos Mexicanos | ||
| 650 | |a Crónicas Jaliscienses | ||
| 650 | |a Crónicas Mexicanas | ||
| 650 | |a Literatura y Periodismo - |z Jalisco | ||
| 650 | |a Literatura y Periodismo - |z México | ||
| 650 | |a Literatura Autobiográfica - |z Jalisco | ||
| 650 | |a Literatura Autobiográfica - |z México | ||
| 650 | |a Literatura Jalisciense - |y Siglo XX | ||
| 650 | |a Literatura Mexicana - |y Siglo XX | ||
| 650 | |a Literatura Mexicana - |x Historia y Crítica | ||
| 650 | |a Literatura Latinoamericana - |x Historia y Crítica | ||
| 650 | |a Literatura - |x Historia y Crítica | ||
| 650 | |a Carballo, Emmanuel - |x Tema Principal | ||
| 910 | |a Fondo General | ||
| 920 | |a Impresos - Libros | ||
| 930 | |a Colección General | ||
| 940 | |a Literatura | ||
| 905 | |a 101 | ||
| 901 | |a 0500129413 |b IT1 |c LIT |u 20250521 | ||
| 902 | |a https://opac.biblio.iteso.mx/vufind/Record/000187330 | ||